00273nam a2200109Ia 4500008004100000020001800041100001700059245001700076260001800093500002400111650002800135230524s9999 xx 000 0 und d a9788185986173 aR.K. Narayan 0aMalgudi days bIndia Thought aQuantity Number: 1 aPersonality Development